Titres québécois et français - Statistiques

Statistiques générales
  • Ce quiz a été pris 141 fois
  • Le résultat moyen est 11 sur 20
Statistiques - réponses
Hint Réponse % Correct
Fiction pulpeuse Pulp Fiction
95%
Le Parc jurassique Jurassic Park
89%
Rapides et dangereux Fast and Furious
87%
Hommes en noir Men in Black
84%
Beauté américaine American Beauty
72%
Poulet en fuite Chicken Run
66%
L'escadron suicide Suicide Squad
66%
Détestable moi Moi, moche et méchant
59%
Une jolie femme Pretty Woman
57%
Chérie, j'ai réduit les enfants Chérie, j'ai rétréci les gosses
54%
La légende du gros poisson Big Fish
50%
Le pouilleux millionnaire Slumdog Millionaire
50%
Folies de graduation American Pie
47%
Lendemain de veille Very Bad Trip
46%
Une vie de bestiole 1001 pattes
40%
Réellement l'amour Love Actually
34%
Le commando des bâtards Inglorious Basterds
33%
Ferrovipathes Trainspotting
21%
Blonde et légale La revanche d'une blonde
15%
Au-delà des pins The Place beyond the Pines
14%
Aucun quiz correspondant
Distribution des résultats
% des personnes avec chaque résultat
Percentile par nombre de réponses
Votre historique - résultats
Vous n’avez pas pris ce quiz